000 00908cab a22001935a 4500
001 L142452
008 080214s2008 xxk f 000 0 eng d
035 _a(Sirsi) u142452
041 0 _aeng
100 1 _aThompson, Elizabeth
245 0 0 _aIncreasing focus on 'green' leases this year
260 _c2008
490 0 _aProperty Forecast
_v11(1) January 2008, 12-13(2)
520 _aReviews changes and developments in the sphere of legal property. Covers: the new edition of the Code of Practice governing commercial leases; the abandonment of legislation for a Planning Gain Supplement; REITs; empty property relief; winding up expenses; energy performance certificates. Considers the likely impact of these developments in 2008. Expects more emphasis on green leases.
590 _aKA
651 4 _aUnited Kingdom
_y
690 _aPROPERTY-COMMERCIAL PROPERTY-COMMERCIAL PROPERTY MARKET
942 _n0
999 _c79831
_d79831